Estadísticas para ¿De qué cantante español se trata?

Haz click aquí para intentar la prueba.

Estadísticas generales

  • Esta prueba ha sido intentada 342 veces
  • La puntuación promedio es 13 de 16

Estadísticas de respuestas

Respuesta% Correcto
Rosalía
99%
David Bisbal
95%
Aitana
94%
Quevedo
91%
Alejandro Sanz
89%
Lola Indigo
87%
Pablo Alborán
87%
Melendi
86%
C. Tangana
84%
Enrique Iglesias
84%
Malú
84%
Bad Gyal
83%
Amaia
81%
Pablo López
73%
Manuel Carrasco
68%
Antonio José
39%

Distribución de puntuación

Porcentaje por número respondido

Porcentaje de gente con cada puntuación

Historial de tus puntuaciones

No has intentado esta prueba.